200 años de pintura chilena

में बचाया:
ग्रंथसूची विवरण
मुख्य लेखक: Solanich Sotomayor, Enrique (लेखक)
स्वरूप: पुस्तक
भाषा:स्पेनिश
प्रकाशित: Santiago Ministerio de Educación, Departamento de Extensión Cultural 1977
विषय:
टैग: टैग जोड़ें
कोई टैग नहीं, इस रिकॉर्ड को टैग करने वाले पहले व्यक्ति बनें!

MARC

LEADER 00000nam a2200000 a 4500
001 UCW5297
003 CL-VaPUC
005 20220914074221.0
008 910327e19770000cl 1 spa d
082 0 4 |a 759.983  |b SOL  |2 21 
100 1 |a Solanich Sotomayor, Enrique  |e author  |9 616733 
245 1 0 |a 200 años de pintura chilena 
260 |a Santiago  |b Ministerio de Educación, Departamento de Extensión Cultural  |c 1977 
583 |a last modification  |c 19910327 00:00:00  |k Rodrigo Vera 
650 0 0 |a Pintores   |9 265963 
650 0 0 |a Pintura chilena  |9 266171 
651 7 |a CHILE  |2 CL-VaPUC  |9 616734 
942 |c BK 
945 |d 19910327 00:00:00 
546 |a En Español 
536 |a Ministerio de Educación 
518 |p Exposición Itinerante, 1, Chile, 1977 
999 |c 382090  |d 382088 
952 |0 0  |1 0  |4 0  |6 759_983000000000000_SOL_1977  |7 0  |8 P  |9 503611  |a BIBEDU  |b BIBEDU  |c BIBEDU_PB  |d 2020-01-23  |i 2766566  |o 759.983 SOL 1977  |p 2766566  |r 2024-01-25  |w 2020-01-23  |y BK  |k EDU